Normal view MARC view

Entry Personal Name

Number of records used in: 1

001 - CONTROL NUMBER

  • control field: 265323

003 - CONTROL NUMBER IDENTIFIER

  • control field: OSt

005 - DATE AND TIME OF LATEST TRANSACTION

  • control field: 20260605113616.0

008 - FIXED-LENGTH DATA ELEMENTS

  • fixed length control field: 260605|| aca||aabn | a|a d

040 ## - CATALOGING SOURCE

  • Original cataloging agency: OSt
  • Transcribing agency: OSt

100 ## - HEADING--PERSONAL NAME

  • Personal name: KABBINALE VASANTA BHARADWAJA.
  • Dates associated with a name: ಕಬ್ಬಿನಾಲೆ ವಸಂತ ಭಾರದ್ವಾಜ

670 ## - SOURCE DATA FOUND

  • Source citation: Work cat.: (OSt)103837: KABBINALE VASANTA BHARADWAJA. ಕಬ್ಬಿನಾಲೆ ವಸಂತ ಭಾರದ್ವಾಜ, Purandaradasere padakolu., 1999